| 000 | 00397 a2200169 4500 | ||
|---|---|---|---|
| 001 | 44380 | ||
| 020 | _a8598927112 | ||
| 040 | _cAnchieta - Aquarius | ||
| 100 | _aThis, Hervé | ||
| 240 | 1 | 0 |
_a=A cozinha das crianças (espertas) _lpor |
| 245 | 1 | 0 | _a=A cozinha das crianças (espertas) |
| 300 | _a127 | ||
| 362 | 0 | _a2006 | |
| 440 | 1 | _aDegustar | |
| 650 | 4 | _aLiteratura brasileira | |
| 942 | _cBK | ||
| 999 |
_c44380 _d44380 |
||